02380nam a2200253Ia 4500001000400000008004100004010000800045041001400053082001400067245014700081260001800228300000700246520000700253630002200260630003000282630001400312630002700326630002500353650002400378700003600402700004500438700003900483520160400522947241029s9999 xx 000 0 und d a867 aEspañol aNO APLICA 0aIncidencias en la Gestión Educativa de los Organismos de Participación en el Nivel Medio, del Distrito 15-01 de los Alcarrizos, 2011-2012. aSanto Domingo a92 a30 aCalidad Educativa aEstrategia Metodológica aGestión aIntegración Familiar aIntegración Social aGestión Educativa easesoraDisla, José Francisco eautoraAlifonso Pichardo, Carmen Zunilda eautoraMartínez Acevedo, Eugenio aEl objetivo principal de esta investigación consistió en determinar las incidencias en la Gestión Educativa de los Organismos de Participación en el Nivel Medio, del Distrito 15-01 de los Alcarrizos, 2011-2012.La población estaba conformada por 250 docentes y 8, 975 estudiantes de los cuales se tomo una muestra de 152 docentes y 368 estudiantes del Nivel Medio, del Distrito 15-01 de los Alcarrizos. los métodos utilizados en este estudio fueron el analítico, el deductivo; las técnicas utilizadas en éste estudio fue la escuela, el instrumento empleado fue un cuestionario.Se pudo confirmar que los organismos están conformados, solo falta implementar estrategias de participación e integración donde los distintos sectores tanto interno como externos, puesto que quedo evidenciado que   la integración de los maestros es de 44%, los estudiantes 49% y los padres un 61%. El estudio reveló también que los directores conocen sus funciones en un 68%, los maestros 68%, los estudiantes 64% y los padres 60%.El estudio recomienda  socializar con los diferentes organismos la Ley General de Educación 66-97, la Ordenanza 09-2000 y la 02-20008 sobre la participación, involucrar a los diferentes organismos en la elaboración de proyectos e integrarlo en las soluciones de problemas, asumiendo su responsabilidad, además de proporcionar encuentro con todos los sectores para afianzar la participación involucrándolos en investigaciones para desarrollar personas capaces de resolver situaciones y sugerir estrategias para obtener una educación de calidad.